<?xml version="1.0" encoding="UTF-8"?>
<record
    xmlns:xsi="http://www.w3.org/2001/XMLSchema-instance"
    xsi:schemaLocation="http://www.loc.gov/MARC21/slim http://www.loc.gov/standards/marcxml/schema/MARC21slim.xsd"
    xmlns="http://www.loc.gov/MARC21/slim">

  <leader>02041nam a2200289Ia 4500</leader>
  <controlfield tag="003">OSt</controlfield>
  <controlfield tag="005">20210827095352.0</controlfield>
  <controlfield tag="008">210310s1978    mx ad  gr     000 0 spa d</controlfield>
  <datafield tag="020" ind1=" " ind2=" ">
    <subfield code="a">9682500117 (Reimpresi&#xF3;n)</subfield>
  </datafield>
  <datafield tag="020" ind1=" " ind2=" ">
    <subfield code="a">0030895197 (Edici&#xF3;n original)</subfield>
  </datafield>
  <datafield tag="040" ind1=" " ind2=" ">
    <subfield code="a">CO-JMCR</subfield>
    <subfield code="c">CO-JMCR</subfield>
  </datafield>
  <datafield tag="041" ind1="1" ind2=" ">
    <subfield code="a">spa</subfield>
    <subfield code="h">eng</subfield>
  </datafield>
  <datafield tag="082" ind1="0" ind2="4">
    <subfield code="a">338.52 /</subfield>
    <subfield code="b">L227s</subfield>
    <subfield code="2">23</subfield>
  </datafield>
  <datafield tag="100" ind1="1" ind2=" ">
    <subfield code="a">Richard H. Leftwich</subfield>
    <subfield code="e">autor</subfield>
    <subfield code="9">27763</subfield>
  </datafield>
  <datafield tag="245" ind1="1" ind2="0">
    <subfield code="a">Sistema de precios y asignaci&#xF3;n de recursos /</subfield>
    <subfield code="c">Richard h. Leftwich ; traducci&#xF3;n al espa&#xF1;ol por, Vicente Agut Armer</subfield>
  </datafield>
  <datafield tag="250" ind1=" " ind2=" ">
    <subfield code="a">Sexta edici&#xF3;n </subfield>
  </datafield>
  <datafield tag="260" ind1=" " ind2=" ">
    <subfield code="a">M&#xE9;xico :</subfield>
    <subfield code="b">Interamericana, </subfield>
    <subfield code="c">1978.</subfield>
  </datafield>
  <datafield tag="300" ind1=" " ind2=" ">
    <subfield code="a">xi, 456 p&#xE1;ginas : </subfield>
    <subfield code="b">ilustraciones y gr&#xE1;ficas en blanco y negro ; </subfield>
    <subfield code="c">224 cm.</subfield>
  </datafield>
  <datafield tag="500" ind1=" " ind2=" ">
    <subfield code="a">Incluye &#xED;ndice alfab&#xE9;tico, glosario y notas a pie de p&#xE1;gina.</subfield>
  </datafield>
  <datafield tag="504" ind1=" " ind2=" ">
    <subfield code="a">Bibliograf&#xED;a : p&#xE1;ginas 438.</subfield>
  </datafield>
  <datafield tag="505" ind1="0" ind2=" ">
    <subfield code="a">Organizaci&#xF3;n de un sistema econ&#xF3;mico. -- Modelos de mercado puramente competitivo. -- Aplicaciones b&#xE1;sicas del modelo. -- Elecci&#xF3;n y demanda del consumidor. -- Elecci&#xF3;n y demanda del consumidor individual ii. -- Clasificaciones del mercado y curva de demanda que enfrenta la firma. -- Principios de la producci&#xF3;n. -- Costos de producci&#xF3;n. -- Determinaci&#xF3;n del precio y la producci&#xF3;n en competencia pura. -- Determinaci&#xF3;n del precios y la producci&#xF3;n en monopolio puro. -- Derivaci&#xF3;n de la curva de ingreso marginal . -- Precio, ingreso marginal y elasticidad de la demanda. -- Determinaci&#xF3;n de precio y de la producci&#xF3;n en el oligopolio. -- Determinaci&#xF3;n del precio y de la producci&#xF3;n en competencia monopol&#xED;stica. -- Determinaci&#xF3;n del precio y empleo de los recursos: competencia pura. -- Determinaci&#xF3;n del precio y empleo de los recursos: monopolio y monopsonio. -- Asignaci&#xF3;n de recursos. -- Distribuci&#xF3;n de producto. -- Equilibrio y bienestar. -- Programaci&#xF3;n lineal.</subfield>
  </datafield>
  <datafield tag="650" ind1="1" ind2="4">
    <subfield code="a">Sistema econ&#xF3;mico. </subfield>
    <subfield code="9">27765</subfield>
  </datafield>
  <datafield tag="650" ind1="2" ind2="4">
    <subfield code="a">Mercado competitivo.</subfield>
    <subfield code="9">39758</subfield>
  </datafield>
  <datafield tag="650" ind1="2" ind2="4">
    <subfield code="a">Demanda del consumidor</subfield>
    <subfield code="9">39759</subfield>
  </datafield>
  <datafield tag="700" ind1="1" ind2=" ">
    <subfield code="a">Agut Armer, Vicente, </subfield>
    <subfield code="e">autor</subfield>
    <subfield code="9">39760</subfield>
  </datafield>
  <datafield tag="942" ind1=" " ind2=" ">
    <subfield code="2">ddc</subfield>
    <subfield code="c">BK</subfield>
  </datafield>
  <datafield tag="999" ind1=" " ind2=" ">
    <subfield code="c">12271</subfield>
    <subfield code="d">12271</subfield>
  </datafield>
  <datafield tag="952" ind1=" " ind2=" ">
    <subfield code="0">0</subfield>
    <subfield code="1">0</subfield>
    <subfield code="2">ddc</subfield>
    <subfield code="4">0</subfield>
    <subfield code="7">0</subfield>
    <subfield code="a">CPL</subfield>
    <subfield code="b">CPL</subfield>
    <subfield code="c">GEN</subfield>
    <subfield code="d">2018-04-15</subfield>
    <subfield code="e">Donaci&#xF3;n</subfield>
    <subfield code="o">338.52 / L227s</subfield>
    <subfield code="p">430005547</subfield>
    <subfield code="r">2024-05-16 00:00:00</subfield>
    <subfield code="t">Ej.1</subfield>
    <subfield code="w">2021-03-10</subfield>
    <subfield code="y">BK</subfield>
  </datafield>
</record>
